Middle Eastern Countries by Demonyms - Map Quiz - Statistics

General Stats
  • This quiz has been taken 418 times
  • The average score is 23 of 27
Answers on the Map
Answers color-coded by a green-red scale on the quiz's map according to % correct below.
 
Answer Stats
Answer % Correct
Egyptian
93%
Cypriot
92%
Saudi Arabian
92%
Omani
91%
Turkish
91%
Iraqi
89%
Israeli
89%
Iranian (Persian)
88%
Jordanian
88%
Yemeni
87%
Afghan
86%
Emirati (Emiri)
86%
Syrian
86%
Bahraini
85%
Kazakhstani
84%
Kuwaiti
84%
Pakistani
84%
Palestinian
84%
Lebanese
83%
Azerbaijani (Azeri)
80%
Qatari
80%
Armenian
79%
Uzbekistani
79%
Tajikistani
78%
Kyrgyzstani
75%
Turkmen
75%
Georgian
73%
No matching quizzes found
Score Distribution
Percent of People with Each Score
Percentile by Number Answered
Your Score History
You have not taken this quiz